000 00366cam a22001097a 4500
008 180718b1967 xxu||||| |||| 00| 0 eng d
082 _aT39x54 N213m
245 _aMaintenance imports
_cby National Council of Applied Economic Research
260 _aNew Delhi
_bNational Council of Applied Economic Research
_c1967
300 _a146p.
650 _aForeign Commerce - India
999 _c375369
_d375369